Shell : (Registro nro. 861)
[ vista simple ]
| 000 -LEADER | |
|---|---|
| fixed length control field | 01243nam a22002777a 4500 |
| 003 - CONTROL NUMBER IDENTIFIER | |
| control field | AR-RoUNCS |
| 005 - DATE AND TIME OF LATEST TRANSACTION | |
| control field | 20251219103942.0 |
| 008 - FIXED-LENGTH DATA ELEMENTS--GENERAL INFORMATION | |
| fixed length control field | 251219t2018 ag |||||r|||| 00| pdspa d |
| 020 ## - INTERNATIONAL STANDARD BOOK NUMBER | |
| International Standard Book Number | 978-987-702-259-9 |
| 040 ## - CATALOGING SOURCE | |
| Original cataloging agency | AR-RoUNCS |
| Transcribing agency | AR-RoUNCS |
| 080 ## - UNIVERSAL DECIMAL CLASSIFICATION NUMBER | |
| Authority record control number or standard number | 82-1(729) |
| 100 1# - MAIN ENTRY--PERSONAL NAME | |
| Personal name | Senior, Olive, |
| Relator term | autor |
| 245 1# - TITLE STATEMENT | |
| Title | Shell : |
| Remainder of title | = El libro de los caracoles / |
| Statement of responsibility, etc. | Olive Senior ; traducción, introducción y notas de agustina casero y Carolina Rosa. |
| 246 13 - VARYING FORM OF TITLE | |
| Title proper/short title | El libro de los caracoles |
| 260 ## - PUBLICATION, DISTRIBUTION, ETC. | |
| Place of publication, distribution, etc. | Rosario : |
| Name of publisher, distributor, etc. | UNR Editora, |
| Date of publication, distribution, etc. | 2018. |
| 300 ## - PHYSICAL DESCRIPTION | |
| Extent | 186 p. ; |
| Dimensions | 18 cm. |
| 490 0# - SERIES STATEMENT | |
| Series statement | Polifonía de mujeres ; |
| Volume/sequential designation | 3 |
| 500 ## - GENERAL NOTE | |
| General note | Colección dirigida por Darío Maiorana. |
| 520 3# - SUMMARY, ETC. | |
| Summary, etc. | Sistemáticamente, las víctimas del sistema brutal de la esclavitud fueron silenciadas. La operación subversiva de la obra de Senior consiste en recuperar esas voces perdidas, reconstruyendo un lenguaje fragmentado y en gran medida desconocido. Aquí convive el trabajo de reconstrucción histórica y de invención poética y simbólica. |
| 546 ## - LANGUAGE NOTE | |
| Language note | En español e italiano. |
| 650 #7 - SUBJECT ADDED ENTRY--TOPICAL TERM | |
| Source of heading or term | embne |
| Topical term or geographic name entry element | Literatura jamaiquina |
| 655 #7 - INDEX TERM--GENRE/FORM | |
| Source of term | embne |
| Genre/form data or focus term | Poesías |
| 700 1# - ADDED ENTRY--PERSONAL NAME | |
| Personal name | Casero, Agustina |
| Relator term | traductor |
| 700 1# - ADDED ENTRY--PERSONAL NAME | |
| Personal name | Rosa, Carolina |
| Relator term | traductor |
| 942 ## - ADDED ENTRY ELEMENTS (KOHA) | |
| Source of classification or shelving scheme | Universal Decimal Classification |
| Koha item type | Libro de préstamo a domicilio |
| Suppress in OPAC | No |
| Withdrawn status | Lost status | Source of classification or shelving scheme | Damaged status | Not for loan | Collection | Home library | Current library | Date acquired | Source of acquisition | Total checkouts | Full call number | Barcode | Date last seen | Price effective from | Koha item type |
|---|---|---|---|---|---|---|---|---|---|---|---|---|---|---|---|
| Universal Decimal Classification | Colección General | Biblioteca Escuela de Ciencias Sociales | Biblioteca Escuela de Ciencias Sociales | 19/12/2025 | Donación 2023 | 82-1(729) SE477 | 000326 | 19/12/2025 | 19/12/2025 | Libro de préstamo a domicilio |